000 00689am a2200265a 44500
003 AR-BaBNM
005 20251128211043.0
008 022020s1998 #AR|||||||||||000 | ale||
020 _a0-521-48430-8
040 _cAR-BaBNM
100 1 _aWebster, Paul
245 1 0 _aEuroskop
_blehrerhandbuch
250 _a1st ed.
260 _aCambridge
_bCambridge University Press
_c1998
300 _a164 p.
_bil., tablas
650 4 _aENSEÑANZA DE IDIOMAS
650 4 _aALEMAN
650 4 _aLENGUA EXTRANJERA
650 4 _aACTIVIDADES DE APRENDIZAJE
650 4 _aLIBROS DE TEXTO
650 4 _aENSEÑANZA DE SEGUNDA LENGUA
700 1 _aJörg, Jahn
942 _cBK
998 _craquel
999 _c18029
_d18029